Sport par lettre - E - Statistiques

Statistiques générales
  • Ce quiz a été pris 170 fois
  • Le résultat moyen est 12 sur 20
Statistiques - réponses
Hint Réponse % Correct
Au rugby, il vaut 5 points, 7 si on le transforme Essai
97%
Sport de combat où on manie une arme blanche Escrime
89%
Zidane, Henry, Xavi et de nombreux autres sportifs se sont reconvertis à ce poste après leur carrière de joueur Entraineur
85%
Si lors d'un match, chaque équipe inscrit deux buts il y a ... Egalité
81%
Une des trois armes utilisées dans ce sport Epée
81%
Sport électronique Esport
71%
Au tennis, couple de coups exécuté par les deux joueurs. Peut désigner, par extension, l'ensemble des coups réalisés pendant un point Echange
68%
Ce jeu d'esprit est reconnu comme un sport par le CIO depuis 1999 Echecs
67%
Au cyclisme, groupe formé par les coureurs ayant pris de l'avance sur le peloton Echappée
64%
Ancien footballer international camerounais ayant joué 200 matchs avec le FC Barcelone Samuel Eto'o
62%
Anneau métallique suspendu de chaque côté de la selle où le cavalier vient glisser ses pieds pour prendre appui Étrier
58%
Sous label de l'entreprise Electronic Arts qui produit des jeux comme Fifa ou NBA live EA Sports
53%
Footballer français évoluant au poste d'arrière-gauche qui compte 81 matchs en bleu et 379 matchs avec les "red devils" Patrice Evra
52%
On en pose au basket-ball ou au waterpolo pour bloquer le passage d'un défenseur Ecran
46%
Pays dans lequel on a pu observer de nombreuses scènes de joie lors des différentes victoires de Biniam Girmay sur le Tour de France 2024 Erythrée
46%
Avec Teddy Riner, il est le seul sportif français à avoir remporté trois médailles d'or individuelles, lors de trois olympiades différentes Tony Estanguet
42%
Le France l'a remportée en 2013 en battant la Lituanie en finale Eurobasket
32%
Discipline de moto tout-terrain dont le parcours est composé de secteurs ouverts à la circulation et de secteurs chronométrés appelés "spéciales" Enduro
26%
Vainqueur du tour de France 2011 Cadel Evans
24%
Compétition d'origine japonaise où six coureurs se relaient pour couvrir une distance égale à celle d'un marathon Ekiden
7%
Aucun quiz correspondant
Distribution des résultats
% des personnes avec chaque résultat
Percentile par nombre de réponses
Votre historique - résultats
Vous n’avez pas pris ce quiz